| 000 | 00420nam a2200181Ia 4500 | ||
|---|---|---|---|
| 008 | 170918s9999 xx 000 0 und d | ||
| 020 | _a9780345486554 | ||
| 050 | _bH848de 2008 | ||
| 100 | _aHoward, Linda | ||
| 245 | _aDeath angel / | ||
| 245 | _cby Linda Howard. | ||
| 260 | _aUSA : | ||
| 260 | _bBallantine Books, | ||
| 260 | _c2008 | ||
| 300 | _a377 pages : | ||
| 300 | _billustrations ; | ||
| 300 | _c17cm. | ||
| 999 |
_c343868 _d343868 |
||